01250nas a2200241Ia 4500001001100000003001000011008004100021040002500062041001300087100003700100210002800137222002800165245008500193250001100278260004400289300001200333310001000345362001300355500025100368501011400619520025100733650002400984R240-R2751IT-CnALBA170116c99999999xx |||||||||||| ||und|| aIT-CnALBAcIT-CnALBA aITALIANO aBONAVENTURA DA BAGNOREGIO, SANTO aINCONTRI BENAVENTURIANI aINCONTRI BENAVENTURIANI 0aINCONTRI BENAVENTURIANI. LA TEOLOGIA SPIRITUALE IN S. BONAVENTURA. N. VI. 1970.  a1a ed. aASSISI (PG)bPORZIUNCOLA EDIZIONIc1970 a157 p.  aVARIA a (1970) aATTI DEL X INCONTRO AL CENACOLO BONAVENTURIANO. MONTECALVO IRPINO 1969. S. FRANCESCO ESEMPLARE DI S. BONAVENTURA. ITINERARIO DELLA MENTE IN DIO. ORAZIONE E CONTEMPLAZIONE. CRISTOCENTRISMO MISTICO. BLASUCCI A. BOUGEROL G. VEUTHEY L. LARRAGNAGA T.  aSocietà San Paolo EM - Piazza San Paolo, 14 - 12051 ALBA (CN) (non commercial uses only) ® Copyright 2017 aATTI DEL X INCONTRO AL CENACOLO BONAVENTURIANO. MONTECALVO IRPINO 1969. S. FRANCESCO ESEMPLARE DI S. BONAVENTURA. ITINERARIO DELLA MENTE IN DIO. ORAZIONE E CONTEMPLAZIONE. CRISTOCENTRISMO MISTICO. BLASUCCI A. BOUGEROL G. VEUTHEY L. LARRAGNAGA T.  aTEOLOGIA SPIRITUALE